[Event "IECC CL7-2013.02 email"]
[Site "IECC email"]
[Date "2013.04.11"]
[Round "?"]
[White "Foletta, Ian"]
[Black "Mitchell, TT."]
[Result "0-1"]
[WhiteElo "996"]
[BlackElo "984"]
[PlyCount "52"]
[EventDate "2013.??.??"]
[EventType "tourn (corr)"]
[EventRounds "4"]
[SourceTitle "Telechess CBM 165"]
[Source "ChessBase"]
[SourceDate "2015.03.11"]
[SourceVersion "1"]
[SourceVersionDate "2015.03.11"]
[SourceQuality "1"]
[WhiteTeam "Australia"]
[WhiteTeamCountry "AUS"]

1. e4 e5 2. Nf3 f6 3. Bc4 Ne7 4. 0-0 c6 5. Nc3 b5 6. Bd3 g6 7. b3 Bh6 8. a4 b4 9. Ne2 Ba6 10. Bxa6 Nxa6 11. c4 c5 12. h3 0-0 13. d3 Bxc1 14. Qxc1 Kg7 15. Nh4 Ng8 16. f4 d6 17. Qe3 Rf7 18. Ng3 Rc8 19. Qf3 Qd7 20. Nh5+ gxh5 21. Nf5+ Kh8 22. Rad1 Nc7 23. Qxh5 Ne6 24. Nxd6 Qxd6 25. Qxf7 Rf8 26. Rf3 Rxf7 0-1

[Event "IECC CL7-2010.01 email"]
[Site "IECC email"]
[Date "2010.02.08"]
[Round "?"]
[White "Ewbank, James"]
[Black "Foletta, Ian"]
[Result "1-0"]
[WhiteElo "1172"]
[BlackElo "989"]
[PlyCount "39"]
[EventDate "2010.??.??"]
[EventType "tourn (corr)"]
[EventRounds "4"]
[SourceTitle "Telechess CBM 149"]
[Source "ChessBase"]
[SourceDate "2012.07.17"]
[SourceVersion "1"]
[SourceVersionDate "2012.07.17"]
[SourceQuality "1"]
[WhiteTeam "England"]
[BlackTeam "Australia"]
[WhiteTeamCountry "ENG"]
[BlackTeamCountry "AUS"]

1. e4 e5 2. b3 Nf6 3. Bb2 Nc6 4. Bb5 Nxe4 5. Qe2 d5 6. d3 Nd6 7. Bxc6+ bxc6 8. Bxe5 Be6 9. Nf3 f6 10. Bd4 Qd7 11. 0-0 Nb5 12. c4 dxc4 13. dxc4 Nxd4 14. Nxd4 Qxd4 15. Qxe6+ Kd8 16. Qxc6 Ke7 17. Qxa8 Qxa1 18. Re1+ Kf7 19. Qe8+ Kg8 20. Qe6# 1-0

[Event "IECC CL7-2010.01 email"]
[Site "IECC email"]
[Date "2010.02.08"]
[Round "?"]
[White "Foletta, Ian"]
[Black "Simmons, Ernest"]
[Result "0-1"]
[WhiteElo "1002"]
[BlackElo "1116"]
[PlyCount "86"]
[EventDate "2010.??.??"]
[EventType "tourn (corr)"]
[EventRounds "4"]
[SourceTitle "Telechess CBM 149"]
[Source "ChessBase"]
[SourceDate "2012.07.17"]
[SourceVersion "1"]
[SourceVersionDate "2012.07.17"]
[SourceQuality "1"]
[WhiteTeam "Australia"]
[BlackTeam "US of America"]
[WhiteTeamCountry "AUS"]
[BlackTeamCountry "USA"]

1. e4 c5 2. Nf3 d6 3. d4 cxd4 4. Nxd4 e5 5. Nb3 Nf6 6. Nc3 Be7 7. Be2 0-0 8. 0-0 a6 9. Bg5 Be6 10. Qd2 Nc6 11. Rad1 Ne8 12. Bxe7 Qxe7 13. Rfe1 Rd8 14. Nd5 Qd7 15. h3 Bxd5 16. exd5 Ne7 17. c4 Qc7 18. Qc2 Nf6 19. Bf3 Rc8 20. Nd2 Nexd5 21. Bxd5 Nxd5 22. Ne4 f5 23. Ng5 Qe7 24. Qd2 Nb6 25. b3 Rfd8 26. a4 h6 27. a5 Qxg5 28. Qxg5 hxg5 29. axb6 Rc6 30. Rc1 Rxb6 31. Red1 Rc6 32. c5 d5 33. b4 d4 34. f3 Kf7 35. g4 g6 36. Kg2 Rh8 37. Re1 Ke6 38. Kg3 Rb8 39. Rcd1 b6 40. cxb6 Rbxb6 41. Rc1 Kd5 42. Rb1 Rc3 43. Kf2 Rc2+ 0-1

[Event "IECC M1-2009.T72"]
[Site "IECC email"]
[Date "2009.06.16"]
[Round "?"]
[White "Foletta, Ian"]
[Black "Cooper, Andrew C"]
[Result "1-0"]
[WhiteElo "1017"]
[BlackElo "919"]
[PlyCount "53"]
[EventDate "2009.??.??"]
[EventType "match (corr)"]
[EventRounds "2"]
[SourceTitle "Corr 2011"]
[Source "ChessBase"]
[SourceDate "2010.08.31"]
[SourceVersion "1"]
[SourceVersionDate "2010.08.31"]
[SourceQuality "1"]
[WhiteTeam "Australia"]
[BlackTeam "Australia"]
[WhiteTeamCountry "AUS"]
[BlackTeamCountry "AUS"]

1. e4 e5 2. Nf3 Nc6 3. Bc4 Bc5 4. b4 Nxb4 5. c3 Qh4 6. Nxh4 Nf6 7. cxb4 Bxb4 8. Qb3 Bc5 9. Bxf7+ Kd8 10. Qg3 Bf8 11. Ba3 d6 12. 0-0 Nxe4 13. Qe3 Nc5 14. Qg5+ Be7 15. Qxg7 Rf8 16. Qxh7 Be6 17. Ng6 Bxf7 18. Nxf8 Bxf8 19. Qxf7 Nd7 20. Bc1 c5 21. d4 cxd4 22. Bg5+ Kc7 23. Rc1+ Kb6 24. Qb3+ Ka6 25. Na3 b6 26. Rc7 d3 27. Qb5# 1-0

[Event "IECC CL6-2008.09 email"]
[Site "IECC email"]
[Date "2008.11.10"]
[Round "?"]
[White "Foletta, Ian"]
[Black "Gyongyosi, Peter Laszlo"]
[Result "1/2-1/2"]
[WhiteElo "1021"]
[BlackElo "1319"]
[PlyCount "24"]
[EventDate "2008.??.??"]
[EventType "tourn (corr)"]
[EventRounds "4"]
[SourceTitle "Corr 2013"]
[Source "ChessBase"]
[SourceDate "2012.11.12"]
[SourceVersion "1"]
[SourceVersionDate "2012.11.12"]
[SourceQuality "1"]
[WhiteTeam "Greece"]
[BlackTeam "Brazil"]
[WhiteTeamCountry "GRE"]
[BlackTeamCountry "BRA"]

1. e4 e5 2. Nf3 Nc6 3. Bb5 a6 4. Ba4 Nf6 5. Nc3 Be7 6. 0-0 b5 7. Bb3 d6 8. Ng5 0-0 9. Nd5 Nxd5 10. Nxf7 Rxf7 11. Bxd5 Bb7 12. Qf3 Qf8 1/2-1/2

[Event "IECC KO-1072"]
[Site "IECC email"]
[Date "2008.05.28"]
[Round "?"]
[White "Simmons, Ernest"]
[Black "Foletta, Ian"]
[Result "1-0"]
[WhiteElo "1112"]
[BlackElo "1048"]
[PlyCount "69"]
[EventDate "2007.??.??"]
[EventType "match (corr)"]
[EventRounds "2"]
[SourceTitle "Corr 2013"]
[Source "ChessBase"]
[SourceDate "2012.11.12"]
[SourceVersion "1"]
[SourceVersionDate "2012.11.12"]
[SourceQuality "1"]
[WhiteTeam "US of America"]
[BlackTeam "England"]
[WhiteTeamCountry "USA"]
[BlackTeamCountry "ENG"]

1. d4 Nf6 2. c4 g6 3. Nc3 Bg7 4. e3 d6 5. Be2 0-0 6. h3 Nc6 7. Nf3 b6 8. d5 Ne5 9. 0-0 e6 10. e4 c5 11. Bf4 Nfd7 12. dxe6 fxe6 13. Be3 Nxf3+ 14. Bxf3 Ne5 15. Be2 Bb7 16. f3 Rf7 17. Nb5 Bf8 18. Qd2 Ba6 19. b3 Bg7 20. Rad1 Qh4 21. Bf2 Qf4 22. Nxd6 Rf6 23. Qxf4 Rxf4 24. g3 Rf6 25. f4 Nf7 26. e5 Nxe5 27. fxe5 Rff8 28. Bg4 Bxe5 29. Bxe6+ Kh8 30. Nf7+ Kg7 31. Nxe5 Kf6 32. Nd7+ Kxe6 33. Nxf8+ Rxf8 34. Rd2 b5 35. Bxc5 1-0

[Event "IECC CL8-2007.02 email"]
[Site "IECC email"]
[Date "2007.05.12"]
[Round "?"]
[White "Davidson, Allan D"]
[Black "Foletta, Ian"]
[Result "0-1"]
[WhiteElo "943"]
[BlackElo "998"]
[PlyCount "46"]
[EventDate "2007.??.??"]
[EventType "tourn (corr)"]
[EventRounds "4"]
[SourceTitle "Corr 2011"]
[Source "ChessBase"]
[SourceDate "2010.08.31"]
[SourceVersion "1"]
[SourceVersionDate "2010.08.31"]
[SourceQuality "1"]
[WhiteTeam "Italy"]
[BlackTeam "Chile"]
[WhiteTeamCountry "ITA"]
[BlackTeamCountry "CHI"]

1. e4 c5 2. Nf3 d6 3. Bb5+ Bd7 4. Nc3 a6 5. Bxd7+ Nxd7 6. 0-0 Ngf6 7. Re1 g6 8. Nd5 Bg7 9. Nxf6+ Bxf6 10. c3 0-0 11. d3 b5 12. Bg5 e5 13. Bxf6 Nxf6 14. d4 Re8 15. dxc5 dxc5 16. Qxd8 Raxd8 17. Rad1 Rd7 18. Rxd7 Nxd7 19. Rd1 Nf6 20. Rd6 Nxe4 21. Rxa6 f5 22. Ra5 Rd8 23. Rxb5 Rd1+ 0-1

[Event "IECC CL8-2007.02 email"]
[Site "IECC email"]
[Date "2007.05.12"]
[Round "?"]
[White "Foletta, Ian"]
[Black "Magee, Kerry"]
[Result "1-0"]
[WhiteElo "974"]
[BlackElo "835"]
[PlyCount "35"]
[EventDate "2007.??.??"]
[EventType "tourn (corr)"]
[EventRounds "4"]
[SourceTitle "Corr 2008"]
[Source "ChessBase"]
[SourceDate "2008.06.24"]
[SourceVersion "1"]
[SourceVersionDate "2008.06.24"]
[SourceQuality "1"]
[WhiteTeam "Australia"]
[BlackTeam "US of America"]
[WhiteTeamCountry "AUS"]
[BlackTeamCountry "USA"]

1. e4 e5 2. Nf3 Nf6 3. Nc3 d6 4. Bc4 Be6 5. Bxe6 fxe6 6. 0-0 Nc6 7. d3 d5 8. Re1 d4 9. Na4 Bb4 10. c3 dxc3 11. bxc3 Ba5 12. Qb3 Rb8 13. Ba3 Qd7 14. Nc5 Qf7 15. Ng5 Qg6 16. Qxe6+ Ne7 17. Nd7 Nxd7 18. Qxe7# 1-0

[Event "IECC CL7-2006.12 email"]
[Site "IECC email"]
[Date "2006.08.02"]
[Round "?"]
[White "Spiliopoulos, Panagiotis"]
[Black "Foletta, Ian"]
[Result "1-0"]
[WhiteElo "1051"]
[BlackElo "1031"]
[PlyCount "39"]
[EventDate "2006.??.??"]
[EventType "tourn (corr)"]
[EventRounds "4"]
[SourceTitle "Corr 2020"]
[Source "ChessBase"]
[SourceDate "2019.09.30"]
[SourceVersion "1"]
[SourceVersionDate "2019.09.30"]
[SourceQuality "1"]
[WhiteTeam "Greece"]
[BlackTeam "Australia"]
[WhiteTeamCountry "GRE"]
[BlackTeamCountry "AUS"]

1. e4 c5 2. Nf3 d6 3. d4 cxd4 4. Nxd4 Nf6 5. Nc3 g6 6. Be3 Bg7 7. f3 Nc6 8. Qd2 0-0 9. Bc4 Re8 10. 0-0-0 Qc7 11. Nd5 Nxd5 12. Bxd5 e5 13. Nb5 Qd8 14. Nxd6 Re7 15. Nxf7 Qf8 16. Bc5 b6 17. Bxe7 Qxe7 18. Nxe5+ Kf8 19. Nxc6 Qc5 20. Qf4+ 1-0

[Event "P-4116"]
[Site "IECC email"]
[Date "2006.03.29"]
[Round "?"]
[White "Alessandrini, Alfredo"]
[Black "Foletta, Ian"]
[Result "1-0"]
[WhiteElo "1308"]
[BlackElo "1036"]
[PlyCount "67"]
[EventDate "2006.??.??"]
[EventType "tourn (corr)"]
[SourceTitle "Corr 2020"]
[Source "ChessBase"]
[SourceDate "2019.09.30"]
[SourceVersion "1"]
[SourceVersionDate "2019.09.30"]
[SourceQuality "1"]
[WhiteTeam "Italy"]
[BlackTeam "Australia"]
[WhiteTeamCountry "ITA"]
[BlackTeamCountry "AUS"]

1. e4 c5 2. Nf3 d6 3. d4 cxd4 4. Nxd4 Nf6 5. Nc3 g6 6. Bb5+ Nbd7 7. 0-0 Bg7 8. Bg5 0-0 9. Bxf6 exf6 10. Re1 Re8 11. Qd2 a6 12. Ba4 b5 13. Bb3 Nc5 14. Bd5 Rb8 15. Nc6 Qd7 16. Nxb8 Qg4 17. f3 Qh4 18. g3 Qh3 19. b4 Re5 20. f4 Rh5 21. bxc5 f5 22. exf5 Bxf5 23. Re8+ Bf8 24. cxd6 Kg7 25. Qd4+ Kh6 26. Qf2 Bg7 27. Ne4 Bd4 28. Qxd4 Qxh2+ 29. Kf1 Qxc2 30. Nd2 Bd3+ 31. Ke1 Rh2 32. Rd1 Rxd2 33. Rxd2 Qc1+ 34. Rd1 1-0

[Event "IECC KO-1054"]
[Site "IECC email"]
[Date "2005.11.08"]
[Round "?"]
[White "Copin, Jean Christophe"]
[Black "Foletta, Ian"]
[Result "1-0"]
[WhiteElo "1164"]
[BlackElo "1034"]
[PlyCount "53"]
[EventDate "2005.??.??"]
[EventType "match (corr)"]
[EventRounds "2"]
[SourceTitle "Corr 2020"]
[Source "ChessBase"]
[SourceDate "2019.09.30"]
[SourceVersion "1"]
[SourceVersionDate "2019.09.30"]
[SourceQuality "1"]
[WhiteTeam "France"]
[BlackTeam "Australia"]
[WhiteTeamCountry "FRA"]
[BlackTeamCountry "AUS"]

1. e4 c5 2. Nf3 d6 3. d4 cxd4 4. Nxd4 e5 5. Nf5 Qc7 6. Ne3 Nf6 7. Nc3 b6 8. Ncd5 Qd7 9. a4 a5 10. Nxb6 Qc6 11. Bb5 Qd7 12. Bxd7+ Bxd7 13. Nxa8 Nxe4 14. Qd5 Nf6 15. Qxa5 Nc6 16. Nc7+ Ke7 17. Ned5+ Kd8 18. Qa8+ Bc8 19. Qxc6 Bd7 20. Qa8+ Bc8 21. Ne6+ fxe6 22. Qa5+ Kd7 23. Qc7+ Ke8 24. Qxc8+ Kf7 25. Nxf6 gxf6 26. Bh6 d5 27. Bxf8 1-0

[Event "IECC KO-1054"]
[Site "IECC email"]
[Date "2005.11.08"]
[Round "?"]
[White "Foletta, Ian"]
[Black "Copin, Jean Christophe"]
[Result "0-1"]
[WhiteElo "1014"]
[BlackElo "1195"]
[PlyCount "66"]
[EventDate "2005.??.??"]
[EventType "match (corr)"]
[EventRounds "2"]
[SourceTitle "Corr 2020"]
[Source "ChessBase"]
[SourceDate "2019.09.30"]
[SourceVersion "1"]
[SourceVersionDate "2019.09.30"]
[SourceQuality "1"]
[WhiteTeam "Australia"]
[BlackTeam "France"]
[WhiteTeamCountry "AUS"]
[BlackTeamCountry "FRA"]

1. e4 e6 2. d4 d5 3. Nc3 Bb4 4. e5 c5 5. a3 Bxc3+ 6. bxc3 Qa5 7. Bd2 c4 8. Nf3 Bd7 9. g3 Na6 10. Bh3 h6 11. 0-0 f5 12. exf6 gxf6 13. Nh4 0-0-0 14. Re1 Qb6 15. Qg4 Ne7 16. Rab1 Qd6 17. Ng6 e5 18. Qh5 Nxg6 19. Bxd7+ Qxd7 20. Qxg6 e4 21. Bxh6 Qh3 22. Qg7 Nc7 23. f3 Rxh6 24. fxe4 Qxh2+ 25. Kf1 Rh3 26. Qg4+ Kb8 27. exd5 Rxg3 28. Qxg3 Qxg3 29. Re7 Qf3+ 30. Ke1 Qh1+ 31. Kf2 Qxb1 32. Rf7 Qxc2+ 33. Kf3 Qf5+ 0-1

[Event "IECC M-5317"]
[Site "IECC email"]
[Date "2005.09.04"]
[Round "?"]
[White "Galanti, Sergio"]
[Black "Foletta, Ian"]
[Result "1-0"]
[WhiteElo "1117"]
[BlackElo "1061"]
[PlyCount "121"]
[EventDate "2005.??.??"]
[EventType "tourn (corr)"]
[EventRounds "10"]
[SourceTitle "Corr 2008"]
[Source "ChessBase"]
[SourceDate "2008.06.24"]
[SourceVersion "1"]
[SourceVersionDate "2008.06.24"]
[SourceQuality "1"]

1. d4 d5 2. Nc3 e6 3. Nf3 c5 4. e3 Bd6 5. g3 Nf6 6. Bg2 0-0 7. 0-0 Re8 8. Ne2 b6 9. c3 a5 10. Nf4 Ba6 11. b3 Bxf1 12. Bxf1 Nc6 13. Bb5 Rc8 14. Nd2 Re7 15. Ba3 Na7 16. Ba6 Rc6 17. Be2 b5 18. Bf3 b4 19. Bb2 Nb5 20. Rc1 Nxc3 21. Bxc3 bxc3 22. Nc4 Bc7 23. Rxc3 Ra6 24. Nb2 Ne4 25. Bxe4 dxe4 26. Rxc5 h6 27. Ne2 Qb8 28. Rc1 Rd7 29. Na4 f5 30. Nc5 Rad6 31. Nxd7 Rxd7 32. Kf1 Qf8 33. Rc6 Re7 34. d5 e5 35. d6 Rd7 36. Qd5+ Kh7 37. Rxc7 Rxd6 38. Qxe5 Qf6 39. Qxf6 Rxf6 40. Rc5 g5 41. Kg1 Rd6 42. Nd4 f4 43. Rxa5 fxe3 44. fxe3 Kg6 45. Re5 Kh5 46. Rxe4 Rd5 47. b4 Rd6 48. a4 Rd8 49. b5 Ra8 50. Ne2 Rd8 51. Rd4 Rc8 52. b6 Rc2 53. Kf2 Rb2 54. a5 Rb5 55. Ra4 Rf5+ 56. Nf4+ gxf4 57. exf4 Kg4 58. b7 Rb5 59. a6 Kh3 60. Ra2 Kxh2 61. a7 1-0

[Event "IECC CL7-2004.16 email"]
[Site "IECC email"]
[Date "2004.10.25"]
[Round "?"]
[White "Foletta, Ian"]
[Black "Booth, Grahame"]
[Result "0-1"]
[WhiteElo "1111"]
[BlackElo "1077"]
[PlyCount "60"]
[EventDate "2004.??.??"]
[EventType "tourn (corr)"]
[EventRounds "4"]
[SourceTitle "Corr 2008"]
[Source "ChessBase"]
[SourceDate "2008.06.24"]
[SourceVersion "1"]
[SourceVersionDate "2008.06.24"]
[SourceQuality "1"]

1. e4 e5 2. Nf3 Nc6 3. Bc4 Bc5 4. 0-0 Nf6 5. c3 Nxe4 6. d3 Nd6 7. Re1 Nxc4 8. dxc4 0-0 9. Nbd2 d6 10. b4 Bb6 11. Ne4 Bg4 12. Qc2 Bxf3 13. Ng5 g6 14. Nxf3 Qe7 15. a4 a5 16. b5 Nd8 17. h4 Ne6 18. c5 Bxc5 19. c4 Nd4 20. Nxd4 Bxd4 21. Qd3 Bxa1 22. Bg5 f6 23. h5 fxg5 24. hxg6 Qf6 25. Rxa1 Qxf2+ 26. Kh1 Kg7 27. c5 hxg6 28. cxd6 Rh8+ 29. Qh3 Rxh3+ 30. gxh3 Rh8 0-1

[Event "IECC CL7-2004.16 email"]
[Site "IECC email"]
[Date "2004.10.25"]
[Round "?"]
[White "Foletta, Ian"]
[Black "Bottoni, Carlo"]
[Result "0-1"]
[WhiteElo "1076"]
[BlackElo "1223"]
[PlyCount "72"]
[EventDate "2004.??.??"]
[EventType "tourn (corr)"]
[EventRounds "4"]
[SourceTitle "Corr 2008"]
[Source "ChessBase"]
[SourceDate "2008.06.24"]
[SourceVersion "1"]
[SourceVersionDate "2008.06.24"]
[SourceQuality "1"]

1. e4 c5 2. c3 d5 3. exd5 Qxd5 4. c4 Qe6+ 5. Be2 Qg6 6. Nf3 Nc6 7. 0-0 Bh3 8. Nh4 Qg5 9. d4 Qxh4 10. gxh3 Nxd4 11. Bg4 f5 12. Bxf5 Nxf5 13. Qa4+ Kf7 14. Qd7 Nd6 15. Rd1 Nf6 16. Qa4 Qxc4 17. Qxc4+ Nxc4 18. b3 Nd6 19. Nc3 e5 20. Be3 Nf5 21. Bc1 Nd4 22. Bg5 Nf3+ 23. Kg2 Nxg5 24. Nd5 Ne6 25. Nxf6 Kxf6 26. Rd2 Nd4 27. Rf1 Bd6 28. f3 b5 29. a4 Rab8 30. f4 e4 31. b4 bxa4 32. bxc5 Bxc5 33. Rc1 a3 34. Rxc5 Rb2 35. Rf2 e3 36. Rd5 Rxf2+ 0-1

[Event "IECC KO-1049"]
[Site "IECC email"]
[Date "2004.09.07"]
[Round "?"]
[White "Stewart, Eric"]
[Black "Foletta, Ian"]
[Result "0-1"]
[WhiteElo "964"]
[BlackElo "977"]
[PlyCount "56"]
[EventDate "2004.??.??"]
[EventType "match (corr)"]
[EventRounds "2"]
[SourceTitle "Corr 2020"]
[Source "ChessBase"]
[SourceDate "2019.09.30"]
[SourceVersion "1"]
[SourceVersionDate "2019.09.30"]
[SourceQuality "1"]
[WhiteTeam "United States"]
[BlackTeam "Australia"]
[WhiteTeamCountry "USA"]
[BlackTeamCountry "AUS"]

1. d4 Nf6 2. f4 d5 3. g3 Nc6 4. Bg2 e6 5. Nd2 Be7 6. e4 0-0 7. e5 Nd7 8. Ngf3 b6 9. 0-0 Ba6 10. Re1 f6 11. b3 fxe5 12. dxe5 Bc5+ 13. Kh1 h6 14. h4 g5 15. hxg5 hxg5 16. Nxg5 Ncxe5 17. Nxe6 Qf6 18. Bxd5 Qh6+ 19. Kg2 Nf6 20. Nxc5+ Nxd5 21. fxe5 Nf4+ 22. gxf4 Rxf4 23. Nde4 Qg6+ 24. Ng3 Raf8 25. Bxf4 Rxf4 26. Re4 Bf1+ 27. Kh2 Rf2+ 28. Kg1 Qxg3+ 0-1